10 mindframes for leaders : the visible learning approach to school success (Record no. 85974)

MARC details
000 -LEADER
fixed length control field 00856 a2200265 4500
003 - CONTROL NUMBER IDENTIFIER
control field CBULib
005 - DATE AND TIME OF LATEST TRANSACTION
control field 20250130092840.0
008 - FIXED-LENGTH DATA ELEMENTS--GENERAL INFORMATION
fixed length control field 250130b |||||||| |||| 00| 0 eng d
020 ## - INTERNATIONAL STANDARD BOOK NUMBER
International Standard Book Number 9781071800133
040 ## - CATALOGING SOURCE
Language of cataloging English
Transcribing agency CBULib
Description conventions rda
050 ## - LIBRARY OF CONGRESS CALL NUMBER
Classification number LB 1078 Ten
100 ## - MAIN ENTRY--PERSONAL NAME
Personal name Hattie, John
Relator term editor
245 ## - TITLE STATEMENT
Title 10 mindframes for leaders : the visible learning approach to school success
Statement of responsibility, etc / by John Hattie
260 ## - PUBLICATION, DISTRIBUTION, ETC. (IMPRINT)
Name of publisher, distributor, etc SAGE,
Date of publication, distribution, etc 2021
Place of publication, distribution, etc Thousand Oaks :
300 ## - PHYSICAL DESCRIPTION
Extent xi, 128 pages
336 ## - CONTENT TYPE
Source rdacontent
Content type term Text |
Content type code txt
337 ## - MEDIA TYPE
Source rdamedia
Media type term Unmediated |
Media type code n
338 ## - CARRIER TYPE
Source rdacarrier
Carrier type term Volume
Carrier type code nc
500 ## - GENERAL NOTE
General note Includes bibliographical references and index
650 #0 - SUBJECT ADDED ENTRY--TOPICAL TERM
9 (RLIN) 4322
Topical term or geographic name as entry element VISIBLE LEARNING
650 #0 - SUBJECT ADDED ENTRY--TOPICAL TERM
9 (RLIN) 3761
Topical term or geographic name as entry element EDUCATIONAL LEADERSHIP
650 #0 - SUBJECT ADDED ENTRY--TOPICAL TERM
9 (RLIN) 4323
Topical term or geographic name as entry element ACADEMIC ACHIEVEMENT
700 ## - ADDED ENTRY--PERSONAL NAME
9 (RLIN) 4324
Personal name Smith, Raymond L.
Relator term editor
942 ## - ADDED ENTRY ELEMENTS (KOHA)
Source of classification or shelving scheme
Koha item type MONOGRAPH
Holdings
Withdrawn status Lost status Source of classification or shelving scheme Damaged status Not for loan Collection code Permanent Location Current Location Shelving location Date acquired Source of acquisition Cost, normal purchase price Total Checkouts Full call number Barcode Date last seen Price effective from Koha item type
          Main Library Open Access Collection CBU-MAIN LIBRARY, KITWE. CBU-MAIN LIBRARY, KITWE. General Stacks 01/30/2025 BOOK AID INTERNATIONAL 30.99   LB 1078 Ten 753353 01/30/2025 01/30/2025 MONOGRAPH